プロ野球スピリッツA【プロスピA】 弾道グラウンダーの選手名 - Statistics

General Stats
  • This quiz has been taken 100 times
    6 since last reset
  • The average score is 6 of 33
Answer Stats
球団名 選手名 % Correct
阪神 植田海
67%
巨人 重信慎之介
50%
阪神 大和
50%
DeNA 大和
50%
広島 矢野雅哉
50%
巨人(Bランク) 松本哲也
33%
阪神 熊谷敬宥
33%
阪神 赤星憲広
33%
阪神 平野恵一
33%
阪神(Bランク) 島田海吏
33%
ヤクルト 宮本慎也
33%
巨人 川相昌弘
17%
阪神 久慈照嘉
17%
DeNA(Cランク) 内村賢介
17%
広島 東出輝裕
17%
ソフトバンク(Cランク) 川村友斗
17%
ロッテ 諸積兼司
17%
ロッテ 岡田幸文
17%
楽天 内村賢介
17%
西武 森越祐人
17%
阪神(Bランク) 西岡剛
0%
阪神(Cランク) 荒木郁也
0%
ヤクルト 三輪正義
0%
中日 髙松渡
0%
中日 亀澤恭平
0%
ソフトバンク 川瀬晃
0%
ソフトバンク 村松有人
0%
ソフトバンク(Dランク) 金子圭輔
0%
日本ハム(Bランク) 山縣秀
0%
日本ハム(Dランク) 大累進
0%
楽天(Dランク) 森山周
0%
オリックス(Bランク) 小島脩平
0%
西武 髙松渡
0%
No matching quizzes found
Score Distribution
Percent of People with Each Score
Percentile by Number Answered
Your Score History
You have not taken this quiz since the last reset